Legalizando la ciudad : asentamientos informes y procesos de regularización en Tijuana /
Estudio de la tenencia irregular de suelo urbano en la ciudad fronteriza de Tijuana y de su proceso de legalización. Los objetivos del estudio fueron establecer la relación esta irregularidad con algunos procesos urbanos, así como la revisión de la intervención del sector público en la formalización...
-д хадгалсан:
| Үндсэн зохиолч: | |
|---|---|
| Бусад зохиолчид: | |
| Формат: | Ном |
| Хэл сонгох: | испани |
| Хэвлэсэн: |
Tijuana, México :
El Colegio de la Frontera Norte,
2005, c2005
|
| Цуврал: | (Ambiente y Desarrollo)
|
| Нөхцлүүд: | |
| Шошгууд: |
Шошго байхгүй, Энэхүү баримтыг шошголох эхний хүн болох!
|
MARC
| LEADER | 00000nam^a2200000^a^4500 | ||
|---|---|---|---|
| 001 | 000184130 | ||
| 005 | 20250521000000.0 | ||
| 009 | 20260310102105.322 | ||
| 020 | |a 968-7947-36-5 | ||
| 037 | |a Acervo ITESO - Biblioteca | ||
| 041 | |a ESP | ||
| 082 | |a 711. 40972238 |b ALE | ||
| 100 | |a Alegría Olazábal, Tito |e (autor) | ||
| 245 | 1 | 0 | |a Legalizando la ciudad : |b asentamientos informes y procesos de regularización en Tijuana / |c T. Alegría Olazábal, G.M. Ordóñez Barba. |
| 264 | 4 | |a Tijuana, México : |b El Colegio de la Frontera Norte, |c 2005, c2005 | |
| 300 | |a 176 p. | ||
| 336 | |a texto |b txt |2 rdacontenido | ||
| 337 | |a sin mediación |b n |2 rdamedio | ||
| 338 | |a volumen |b nc |2 rdasoporte | ||
| 440 | 1 | |a (Ambiente y Desarrollo) | |
| 520 | |a Estudio de la tenencia irregular de suelo urbano en la ciudad fronteriza de Tijuana y de su proceso de legalización. Los objetivos del estudio fueron establecer la relación esta irregularidad con algunos procesos urbanos, así como la revisión de la intervención del sector público en la formalización de los predios. Con base en los resultados, se ofrecen recomendaciones para mejorar la capacidad institucional de respuesta para la regularización de predios y para atajar el crecimiento urbano irregular. | ||
| 649 | |a XX | ||
| 650 | |a Vivienda - |z Tijuana, Baja California (Norte) | ||
| 650 | |a Asentamientos Irregulares - |z Tijuana, Baja California (Norte) | ||
| 650 | |a Asentamientos Humanos - |z Tijuana, Baja California (Norte) | ||
| 650 | |a Problemática Habitacional - |z Tijuana, Baja California (Norte) | ||
| 650 | |a Uso del Suelo - |z Tijuana, Baja California (Norte) | ||
| 650 | |a Zonificación Urbana - |z Tijuana, Baja California (Norte) | ||
| 650 | |a Tenencia de la Tierra - |z Tijuana, Baja California (Norte) | ||
| 650 | |a Servicios Públicos - |z Tijuana, Baja California (Norte) | ||
| 650 | |a Diseño Urbano - |z Tijuana, Baja California (Norte) | ||
| 650 | |a Planeación Urbana - |z Tijuana, Baja California (Norte) | ||
| 650 | |a Desarrollo Urbano - |z Tijuana, Baja California (Norte) | ||
| 650 | |a Política Social - |z Tijuana, Baja California (Norte) | ||
| 650 | |a Política Urbana - |z Tijuana, Baja California (Norte) | ||
| 650 | |a Derecho de Propiedad - |z Tijuana, Baja California (Norte) | ||
| 650 | |a Derecho Público - |z Tijuana, Baja California (Norte) | ||
| 650 | |a Urbanismo - |z Tijuana, Baja California (Norte) - |x Historia - |y 2000-2006 | ||
| 650 | |a Urbanismo - |z México - |x Historia - |y 2000-2006 | ||
| 650 | |a Sociología Urbana | ||
| 700 | |a Ordóñez Barba, Gerardo Manuel |e (autor) | ||
| 910 | |a Fondo General | ||
| 920 | |a Impresos - Libros | ||
| 930 | |a Colección General | ||
| 905 | |a 101 | ||
| 901 | |a 0500124719 |b IT1 |c ACC |u 20250521 | ||
| 902 | |a https://opac.biblio.iteso.mx/vufind/Record/000184130 | ||